[Event "164th open MGU"]
[Site "Sofia"]
[Date "2016.03.05"]
[Round "1.1"]
[White "Pavlov, Vladimir G."]
[Black "Stoyanov, Radoi"]
[Result "0-1"]
[WhiteElo "1686"]
[BlackElo "2100"]
[PlyCount "22"]
[EventDate "2016.03.05"]
[EventType "swiss"]
[EventRounds "6"]
[EventCountry "BUL"]

1. e4 Nf6 2. e5 Nd5 3. d4 d6 4. c4 Nb6 5. exd6 cxd6 6. Nc3 g6 7. b3 Bg7 8. Bb2
O-O 9. h3 N8d7 10. Nf3 Nf6 11. Be2 Bf5 0-1

[Event "164th open MGU"]
[Site "Sofia"]
[Date "2016.03.05"]
[Round "1.2"]
[White "Gelemerov, Yane"]
[Black "Ivanov, Oleg M."]
[Result "1-0"]
[WhiteElo "2036"]
[BlackElo "1686"]
[PlyCount "61"]
[EventDate "2016.03.05"]
[EventType "swiss"]
[EventRounds "6"]
[EventCountry "BUL"]

1. e4 d5 2. exd5 Nf6 3. Bb5+ Bd7 4. Bxd7+ Qxd7 5. c4 c6 6. dxc6 Nxc6 7. Nf3 Qd3
8. Qe2 Qxe2+ 9. Kxe2 e5 10. d3 e4 11. dxe4 Nxe4 12. Nbd2 Nxd2 13. Bxd2 O-O-O
14. Be3 Be7 15. Rad1 Rhe8 16. Rxd8+ Bxd8 17. Rd1 a6 18. a3 Bf6 19. Rd2 Na5 20.
Kd1 Re4 21. Bg5 Rxc4 22. Bxf6 gxf6 23. Rc2 Kd7 24. b4 Rxc2 25. Kxc2 Nc4 26. a4
Ne5 27. Nd2 Ng4 28. f3 Ne5 29. Ne4 f5 30. Nf6+ Ke7 31. Nh5 1-0

[Event "164th open MGU"]
[Site "Sofia"]
[Date "2016.03.05"]
[Round "1.3"]
[White "Kosturkov, Krasimir"]
[Black "Metev, Martin"]
[Result "0-1"]
[WhiteElo "1621"]
[BlackElo "2025"]
[PlyCount "94"]
[EventDate "2016.03.05"]
[EventType "swiss"]
[EventRounds "6"]
[EventCountry "BUL"]

1. e4 e6 2. d4 d5 3. e5 c5 4. c3 Nc6 5. Nf3 Qb6 6. Be2 Nge7 7. dxc5 Qxc5 8. b4
Qb6 9. b5 Na5 10. O-O Nf5 11. g4 Nh6 12. Be3 Bc5 13. Bxc5 Qxc5 14. h3 Nc4 15.
a4 O-O 16. Re1 Kh8 17. Nbd2 Na5 18. Qc2 f6 19. exf6 gxf6 20. Nb3 Nxb3 21. Qxb3
Bd7 22. Rad1 Rac8 23. Rd3 Rg8 24. Kh1 Qxf2 25. Qb2 Rc4 26. Rd2 Rf4 27. Rf1 Qg3
28. Ng1 Rxf1 29. Bxf1 Rg5 30. c4 Qe5 31. Qxe5 Rxe5 32. Bg2 a6 33. cxd5 exd5 34.
Bxd5 Re7 35. bxa6 bxa6 36. Bb3 a5 37. Rd6 Kg7 38. Ra6 Re3 39. Bc2 Rc3 40. Ra7
Rxc2 41. Rxd7+ Kg6 42. Ra7 Rc5 43. Ne2 Re5 44. Nf4+ Kg5 45. Rxh7 Kxf4 46. Rxh6
Kg3 47. Rxf6 Re1+ 0-1

[Event "164th open MGU"]
[Site "Sofia"]
[Date "2016.03.05"]
[Round "1.4"]
[White "Andreev, Dobrotich"]
[Black "Genov, Valentin"]
[Result "1/2-1/2"]
[WhiteElo "1912"]
[BlackElo "1595"]
[PlyCount "41"]
[EventDate "2016.03.05"]
[EventType "swiss"]
[EventRounds "6"]
[EventCountry "BUL"]

1. e4 c5 2. Nf3 d6 3. d4 cxd4 4. Nxd4 Nf6 5. Bb5+ Bd7 6. Qe2 Nc6 7. Nxc6 Bxc6
8. Bxc6+ bxc6 9. O-O g6 10. c4 Bg7 11. Nc3 O-O 12. Be3 Qd7 13. h3 Qb7 14. Rac1
Rab8 15. b3 Rbd8 16. f4 e6 17. Qf2 a6 18. e5 dxe5 19. fxe5 Nd7 20. Ne4 Nxe5 21.
Rcd1 1/2-1/2

[Event "164th open MGU"]
[Site "Sofia"]
[Date "2016.03.05"]
[Round "1.5"]
[White "Pavlov, Viktor"]
[Black "Kolev, Lachezar"]
[Result "0-1"]
[WhiteElo "1542"]
[BlackElo "1866"]
[PlyCount "44"]
[EventDate "2016.03.05"]
[EventType "swiss"]
[EventRounds "6"]
[EventCountry "BUL"]

1. d4 Nf6 2. c4 e6 3. Nc3 Bb4 4. Qc2 c5 5. e3 b6 6. Nf3 Bb7 7. Be2 O-O 8. O-O
Bxc3 9. Qxc3 Ne4 10. Qc2 d6 11. Nd2 f5 12. Bf3 d5 13. Nxe4 dxe4 14. Be2 cxd4
15. Rd1 d3 16. Bxd3 exd3 17. Rxd3 Qg5 18. f4 Qg6 19. Rd6 Be4 20. Qd2 Nc6 21. b3
Rfd8 22. Rxd8+ Rxd8 0-1

[Event "164th open MGU"]
[Site "Sofia"]
[Date "2016.03.05"]
[Round "1.6"]
[White "Cholakov, Nikolay"]
[Black "Gadzhev, Denislav"]
[Result "1-0"]
[WhiteElo "1847"]
[BlackElo "1527"]
[PlyCount "51"]
[EventDate "2016.03.05"]
[EventType "swiss"]
[EventRounds "6"]
[EventCountry "BUL"]

1. d4 Nf6 2. Bg5 e6 3. Bxf6 Qxf6 4. Nf3 c5 5. e3 d5 6. Ne5 Bd6 7. Bb5+ Bd7 8.
Bxd7+ Nxd7 9. Nxd7 Kxd7 10. O-O Rac8 11. c3 Kc7 12. Na3 a6 13. Qa4 Kb8 14. b4
c4 15. b5 Bxa3 16. Qxa3 axb5 17. Rab1 g5 18. Rxb5 Rc7 19. Rfb1 Qe7 20. Qa4 Qd7
21. R1b4 Rd8 22. Qa3 Qc6 23. Rb6 Qe8 24. Ra4 Kc8 25. Ra8+ Kd7 26. Qd6# 1-0

[Event "164th open MGU"]
[Site "Sofia"]
[Date "2016.03.05"]
[Round "1.7"]
[White "Georgiev, Nikolay Zh."]
[Black "Ivanov, Daniel"]
[Result "0-1"]
[WhiteElo "1506"]
[BlackElo "1817"]
[PlyCount "80"]
[EventDate "2016.03.05"]
[EventType "swiss"]
[EventRounds "6"]
[EventCountry "BUL"]

1. e4 e6 2. d4 d5 3. Nd2 Nf6 4. e5 Nfd7 5. Qg4 c5 6. c3 Nc6 7. Bd3 h5 8. Qf4 g5
9. Qe3 g4 10. Ne2 Bh6 11. Qg3 Rg8 12. h4 Qb6 13. dxc5 Nxc5 14. Bc2 Bd7 15. O-O
Bxd2 16. Bxd2 Qxb2 17. Rfc1 Ne4 18. Bxe4 Qxd2 19. Bd3 Qh6 20. Nd4 a6 21. Rcb1
Nxd4 22. cxd4 Bc6 23. a4 Ke7 24. a5 Qd2 25. Rd1 Qh6 26. Rab1 Rgc8 27. Qe3 Qxe3
28. fxe3 Rc7 29. Rf1 Rh8 30. Rf6 Kf8 31. Kf2 Kg7 32. Kg3 Rhc8 33. Rc1 Bb5 34.
Rxc7 Rxc7 35. Bxb5 axb5 36. Rf2 Rc4 37. Rb2 b4 38. Kf4 f6 39. exf6+ Kxf6 40. g3
e5# 0-1

[Event "164th open MGU"]
[Site "Sofia"]
[Date "2016.03.05"]
[Round "1.9"]
[White "Hristov, Deyan"]
[Black "Petrov, Stanislav"]
[Result "0-1"]
[WhiteElo "1462"]
[BlackElo "1754"]
[PlyCount "52"]
[EventDate "2016.03.05"]
[EventType "swiss"]
[EventRounds "6"]
[EventCountry "BUL"]

1. e4 c6 2. d4 d5 3. exd5 cxd5 4. Bd3 Nf6 5. h3 Nc6 6. Nf3 e6 7. c3 Be7 8. Bf4
O-O 9. g4 Bd6 10. Be3 e5 11. dxe5 Nxe5 12. Nxe5 Bxe5 13. f4 Bc7 14. Qc2 Re8 15.
Kd2 Ne4+ 16. Kc1 Bb6 17. Bxb6 Qxb6 18. Re1 f5 19. Qg2 Bd7 20. g5 Qd6 21. Qf3
Rac8 22. Bc2 b5 23. a3 h5 24. Re3 Bc6 25. Rd3 Nc5 26. Rd4 Re1+ 0-1

[Event "164th open MGU"]
[Site "Sofia"]
[Date "2016.03.05"]
[Round "2.1"]
[White "Stoyanov, Radoi"]
[Black "Cholakov, Nikolay"]
[Result "0-1"]
[WhiteElo "2100"]
[BlackElo "1847"]
[PlyCount "48"]
[EventDate "2016.03.05"]
[EventType "swiss"]
[EventRounds "6"]
[EventCountry "BUL"]

1. g3 d5 2. Bg2 c6 3. Nf3 Nf6 4. O-O Bf5 5. c4 dxc4 6. Nc3 Nbd7 7. b3 cxb3 8.
Qxb3 Qb6 9. Qc4 e6 10. e4 Bg6 11. Rb1 Qc7 12. Nh4 Nb6 13. Qb3 Bc5 14. a4 O-O-O
15. a5 Nbd7 16. a6 b6 17. Ba3 Bxa3 18. Qxa3 Nc5 19. Nxg6 hxg6 20. Rb2 Rd3 21.
Qa2 Ng4 22. h3 Rxh3 23. Bxh3 Rxg3+ 24. Bg2 Rf3 0-1

[Event "164th open MGU"]
[Site "Sofia"]
[Date "2016.03.05"]
[Round "2.2"]
[White "Ivanov, Daniel"]
[Black "Gelemerov, Yane"]
[Result "0-1"]
[WhiteElo "1817"]
[BlackElo "2036"]
[PlyCount "116"]
[EventDate "2016.03.05"]
[EventType "swiss"]
[EventRounds "6"]
[EventCountry "BUL"]

1. e4 e5 2. Nf3 Nc6 3. Bc4 Bc5 4. c3 Qe7 5. O-O Bb6 6. d4 d6 7. Be3 Nf6 8. Nbd2
Ng4 9. Bd3 Nxe3 10. fxe3 O-O 11. Nc4 f6 12. Nxb6 axb6 13. Qc2 Bd7 14. Bc4+ Kh8
15. Bd5 Rae8 16. Rae1 Nd8 17. Qf2 Bb5 18. c4 Bd7 19. c5 Bb5 20. cxb6 c6 21. Bb3
Bxf1 22. Qxf1 Ne6 23. Qc4 Ng5 24. Nd2 Nxe4 25. Nxe4 d5 26. Qc2 dxe4 27. Qxe4
exd4 28. Qxd4 Rd8 29. Qh4 Rd2 30. Qc4 g6 31. Qc3 Rfd8 32. e4 Qe5 33. Rf1 R8d4
34. Bc2 Kg7 35. a4 Qg5 36. g3 Qh5 37. Rf2 Rxf2 38. Kxf2 Qxh2+ 39. Ke1 Qg1+ 40.
Ke2 c5 41. a5 Rb4 42. b3 Qd4 43. Qxd4 Rxd4 44. Bd3 Kf8 45. Ke3 Ke7 46. Bc4 Kd8
47. Be6 Rd1 48. Bg8 h6 49. Bf7 g5 50. Kf3 Ra1 51. Kg4 Rxa5 52. Bc4 Ra1 53. Kf5
Ke7 54. Kg6 Rg1 55. Bd5 Rxg3 56. Kxh6 Rd3 57. Bc4 Rd4 58. Bg8 g4 0-1

[Event "164th open MGU"]
[Site "Sofia"]
[Date "2016.03.05"]
[Round "2.3"]
[White "Metev, Martin"]
[Black "Kostov, Nikolay"]
[Result "1/2-1/2"]
[WhiteElo "2025"]
[BlackElo "1756"]
[PlyCount "36"]
[EventDate "2016.03.05"]
[EventType "swiss"]
[EventRounds "6"]
[EventCountry "BUL"]

1. e4 e5 2. Nf3 Nc6 3. Nc3 Nf6 4. d4 exd4 5. Nxd4 Bb4 6. Nxc6 Bxc3+ 7. bxc3
bxc6 8. e5 Qe7 9. Qe2 Nd5 10. c4 Nb6 11. a4 Ba6 12. Qe4 Qb4+ 13. Bd2 Qc5 14.
Be3 Qb4+ 15. Bd2 Qc5 16. Be3 Qb4+ 17. Bd2 Qc5 18. Bd3 Bxc4 1/2-1/2

[Event "164th open MGU"]
[Site "Sofia"]
[Date "2016.03.05"]
[Round "2.4"]
[White "Kolev, Lachezar"]
[Black "Dimov, Iskren"]
[Result "1/2-1/2"]
[WhiteElo "1866"]
[BlackElo "1697"]
[PlyCount "55"]
[EventDate "2016.03.05"]
[EventType "swiss"]
[EventRounds "6"]
[EventCountry "BUL"]

1. e4 c5 2. Nc3 Nc6 3. f4 g6 4. Nf3 Bg7 5. Bb5 Nd4 6. Nxd4 cxd4 7. Ne2 Nf6 8.
Bd3 O-O 9. O-O d6 10. c3 dxc3 11. bxc3 e5 12. Bc2 Bg4 13. d4 Nh5 14. Be3 exf4
15. Bxf4 Nxf4 16. Rxf4 Qg5 17. g3 Rac8 18. Rb1 Bxe2 19. Qxe2 Rxc3 20. Rxb7
Bxd4+ 21. Kg2 Be5 22. Rf3 Rxf3 23. Qxf3 Qd2+ 24. Qf2 Qxf2+ 25. Kxf2 Bd4+ 26.
Ke2 Kg7 27. Bb3 g5 28. g4 1/2-1/2

[Event "164th open MGU"]
[Site "Sofia"]
[Date "2016.03.05"]
[Round "2.5"]
[White "Petrov, Stanislav"]
[Black "Andreev, Dobrotich"]
[Result "1-0"]
[WhiteElo "1754"]
[BlackElo "1912"]
[PlyCount "123"]
[EventDate "2016.03.05"]
[EventType "swiss"]
[EventRounds "6"]
[EventCountry "BUL"]

1. e4 c6 2. d4 d5 3. e5 Bf5 4. c3 e6 5. f4 Qb6 6. Nf3 c5 7. Nbd2 Nc6 8. Nb3
cxd4 9. Nfxd4 Nge7 10. Be3 Nxd4 11. Bxd4 Qc7 12. Bb5+ Nc6 13. g4 Be4 14. O-O h5
15. g5 a6 16. Be2 Nxd4 17. cxd4 Qc2 18. Qxc2 Bxc2 19. Rac1 Bxb3 20. axb3 Kd7
21. f5 g6 22. fxe6+ fxe6 23. Bd3 h4 24. Rc2 Be7 25. Rg2 Raf8 26. h3 Rxf1+ 27.
Kxf1 Rh5 28. Ke2 Rxg5 29. Rxg5 Bxg5 30. Bxg6 Bc1 31. Kd3 Bxb2 32. Bh5 a5 33.
Bd1 Kc6 34. Bg4 Kd7 35. Bd1 b5 36. Ke3 Ke7 37. Bc2 Kf7 38. Kd3 Kg6 39. Bd1 Kg5
40. Bg4 Kf4 41. Bxe6 Kg3 42. Bd7 Ba3 43. Bxb5 Kxh3 44. Bc6 Kg4 45. Bxd5 Kf5 46.
Bg2 Ke6 47. Kc4 Bb2 48. Bh3+ Ke7 49. Kd5 Bc3 50. Ke4 Kd8 51. d5 Kc7 52. d6+ Kc6
53. Be6 Bb4 54. Kd4 Ba3 55. Bd5+ Kd7 56. Bg2 Bc1 57. Kd5 Bf4 58. Bh3+ Kd8 59.
e6 Bg5 60. Kc6 Ke8 61. Bg4 a4 62. bxa4 1-0

[Event "164th open MGU"]
[Site "Sofia"]
[Date "2016.03.05"]
[Round "2.6"]
[White "Genov, Valentin"]
[Black "Tsvetkov, Hristiyan"]
[Result "1-0"]
[WhiteElo "1595"]
[BlackElo "1249"]
[PlyCount "29"]
[EventDate "2016.03.05"]
[EventType "swiss"]
[EventRounds "6"]
[EventCountry "BUL"]

1. d4 Nf6 2. c4 d6 3. Nc3 e5 4. d5 Nbd7 5. e4 Be7 6. f3 O-O 7. Bd3 Nc5 8. Bc2
a5 9. Nge2 Ne8 10. Be3 f5 11. exf5 Bxf5 12. Bxf5 Rxf5 13. Qc2 Rf7 14. Qd2 g6
15. O-O-O {...} 1-0

[Event "164th open MGU"]
[Site "Sofia"]
[Date "2016.03.05"]
[Round "2.8"]
[White "Gadzhev, Denislav"]
[Black "Pavlov, Vladimir G."]
[Result "0-1"]
[WhiteElo "1527"]
[BlackElo "1686"]
[PlyCount "80"]
[EventDate "2016.03.05"]
[EventType "swiss"]
[EventRounds "6"]
[EventCountry "BUL"]

1. d4 b5 2. e3 a6 3. Nf3 Bb7 4. Bd3 Nf6 5. O-O e6 6. b3 Be7 7. Bb2 d6 8. Nbd2
Nbd7 9. c4 c6 10. Qc2 Rc8 11. e4 c5 12. d5 b4 13. h3 e5 14. Rfe1 O-O 15. Nf1
Nh5 16. Bc1 Bf6 17. Ne3 Nf4 18. Nf5 Nb6 19. Kh2 g6 20. Ng3 Qd7 21. Ne2 Nxe2 22.
Qxe2 a5 23. a3 Ra8 24. a4 Bg7 25. Bb2 f5 26. Ng5 Rf6 27. Ne6 Qf7 28. Nxc5 dxc5
29. Bxe5 fxe4 30. Qxe4 Rxf2 31. Bxg7 Kxg7 32. Rf1 Rf8 33. Rxf2 Qxf2 34. Qe7+
Rf7 35. Qe5+ Qf6 36. Qe1 Re7 37. Qg1 Qe5+ 38. Kh1 Qc3 39. Qd1 Re3 40. Bf1 Qxb3
0-1

[Event "164th open MGU"]
[Site "Sofia"]
[Date "2016.03.05"]
[Round "2.9"]
[White "Ivanov, Oleg M."]
[Black "Georgiev, Nikolay Zh."]
[Result "0-1"]
[WhiteElo "1686"]
[BlackElo "1506"]
[PlyCount "34"]
[EventDate "2016.03.05"]
[EventType "swiss"]
[EventRounds "6"]
[EventCountry "BUL"]

1. Nc3 d5 2. d4 Nf6 3. Bf4 c6 4. Nf3 Bf5 5. h3 e6 6. g4 Bg6 7. Ne5 Bb4 8. Nxg6
hxg6 9. f3 Nbd7 10. Qd3 Qa5 11. Kf2 Nb6 12. a3 Nc4 13. Bg2 Nxb2 14. axb4 Nxd3+
15. cxd3 Qxb4 16. Na4 b6 17. Rhb1 Qxd4+ 0-1

[Event "164th open MGU"]
[Site "Sofia"]
[Date "2016.03.05"]
[Round "2.10"]
[White "Bozhkov, Stoil"]
[Black "Kosturkov, Krasimir"]
[Result "0-1"]
[WhiteElo "1488"]
[BlackElo "1621"]
[PlyCount "62"]
[EventDate "2016.03.05"]
[EventType "swiss"]
[EventRounds "6"]
[EventCountry "BUL"]

1. e4 c5 2. c3 Nf6 3. e5 Nd5 4. d4 cxd4 5. cxd4 d6 6. Nf3 dxe5 7. dxe5 e6 8.
Bc4 Bb4+ 9. Bd2 Nc6 10. Bxd5 Qxd5 11. Nc3 Bxc3 12. Bxc3 Ne7 13. O-O O-O 14. Qd4
Qxd4 15. Nxd4 a6 16. Bb4 Re8 17. Rac1 Ng6 18. f4 Rd8 19. Bd6 f6 20. Nxe6 Bxe6
21. f5 Bxf5 22. Rxf5 fxe5 23. Bxe5 Rd5 24. Rc7 Nxe5 25. Re7 Rd1+ 26. Kf2 Ng6
27. Rxb7 Rf8 28. Ke2 Rxf5 29. Kxd1 Rf2 30. Ra7 Rxb2 31. Rxa6 Rxg2 0-1

[Event "164th open MGU"]
[Site "Sofia"]
[Date "2016.03.05"]
[Round "2.11"]
[White "Ralchev, Lachezar"]
[Black "Pavlov, Viktor"]
[Result "1/2-1/2"]
[WhiteElo "1455"]
[BlackElo "1542"]
[PlyCount "97"]
[EventDate "2016.03.05"]
[EventType "swiss"]
[EventRounds "6"]
[EventCountry "BUL"]

1. e4 c5 2. c3 d5 3. exd5 Qxd5 4. d4 cxd4 5. cxd4 Nc6 6. Nc3 Qxd4 7. Qxd4 Nxd4
8. Nb5 Nxb5 9. Bxb5+ Bd7 10. Bxd7+ Kxd7 11. Bf4 f6 12. O-O-O+ Ke8 13. Nf3 e5
14. Rhe1 Rc8+ 15. Kb1 Ne7 16. Be3 a6 17. Bb6 Rc6 18. Rd8+ Kf7 19. Ba5 g5 20.
Bb4 Re6 21. Red1 Bg7 22. R8d7 b5 23. Rc1 Re8 24. Rcc7 Bf8 25. Nd2 Kg6 26. Ne4
Nd5 27. Rxd5 Bxb4 28. g4 R8e7 29. Rc8 Re8 30. Rdd8 Rxd8 31. Rxd8 Rc6 32. Ng3
Rd6 33. Rxd6 Bxd6 34. Nf5 Bc5 35. f3 h5 36. h3 hxg4 37. hxg4 Kf7 38. Kc2 Ke6
39. Kd3 Kd5 40. b3 Bb6 41. Ne7+ Ke6 42. Nf5 Bc5 43. Kc3 a5 44. Kd3 Kd5 45. Ng3
Be7 46. Nf5 Bd8 47. Ng3 Bb6 48. Nf5 b4 49. Ng3 1/2-1/2

[Event "164th open MGU"]
[Site "Sofia"]
[Date "2016.03.05"]
[Round "3.1"]
[White "Gelemerov, Yane"]
[Black "Petrov, Stanislav"]
[Result "1-0"]
[WhiteElo "2036"]
[BlackElo "1754"]
[PlyCount "121"]
[EventDate "2016.03.05"]
[EventType "swiss"]
[EventRounds "6"]
[EventCountry "BUL"]

1. e4 c6 2. Nc3 d5 3. Nf3 Bg4 4. h3 Bxf3 5. Qxf3 e6 6. a3 Ne7 7. d3 Nd7 8. g3
Ng6 9. Bg2 Be7 10. O-O O-O 11. Qe2 Qc7 12. Bd2 a6 13. Rae1 b5 14. Nd1 a5 15. h4
Bc5 16. c3 Qxg3 17. d4 Qxh4 18. dxc5 Nxc5 19. f3 Rad8 20. Be3 Nb3 21. Qf2 Qxf2+
22. Nxf2 Ne5 23. exd5 exd5 24. Nd1 Nc4 25. Bf4 Rfe8 26. Kf2 f6 27. Bh3 Nc5 28.
Bf5 g6 29. Bc2 a4 30. Be3 Nb3 31. Re2 Kf7 32. Rfe1 Nba5 33. f4 Nb7 34. Bd3 Nbd6
35. Bc5 Rxe2+ 36. Rxe2 Re8 37. Bxd6 Rxe2+ 38. Kxe2 Nxd6 39. Ne3 h5 40. Kf3 Nc8
41. Nc2 Ne7 42. Nd4 Kg7 43. Kg3 Kh6 44. Kh3 Kg7 45. Nxc6 Nxc6 46. Bxb5 Na5 47.
Bxa4 Nc4 48. Bc6 Nxb2 49. Bxd5 g5 50. fxg5 fxg5 51. Bb3 Nd3 52. a4 Ne5 53. Bd5
Kf6 54. a5 Nd3 55. Bc4 Ne5 56. Bb5 g4+ 57. Kg2 h4 58. a6 h3+ 59. Kg3 Nf3 60.
Bc6 h2 61. Bxf3 1-0

[Event "164th open MGU"]
[Site "Sofia"]
[Date "2016.03.05"]
[Round "3.2"]
[White "Cholakov, Nikolay"]
[Black "Metev, Martin"]
[Result "0-1"]
[WhiteElo "1847"]
[BlackElo "2025"]
[PlyCount "120"]
[EventDate "2016.03.05"]
[EventType "swiss"]
[EventRounds "6"]
[EventCountry "BUL"]

1. d4 e6 2. Nf3 d5 3. Bf4 Nf6 4. e3 Nbd7 5. Bd3 Nh5 6. Bg3 Nxg3 7. hxg3 h6 8.
Nbd2 b6 9. c3 Bb7 10. Qe2 Be7 11. Ne5 Nxe5 12. dxe5 c6 13. f4 Qc7 14. Nf3 c5
15. g4 O-O-O 16. Ba6 Bxa6 17. Qxa6+ Qb7 18. Qxb7+ Kxb7 19. Ke2 b5 20. a4 a6 21.
axb5 axb5 22. Ra5 Ra8 23. Rxb5+ Kc6 24. Rb3 f6 25. Rc1 Ra4 26. Ra3 Rxa3 27.
bxa3 Rb8 28. c4 Rb2+ 29. Nd2 fxe5 30. fxe5 d4 31. Rb1 Ra2 32. exd4 Bg5 33. Rd1
cxd4 34. Kd3 Rxa3+ 35. Kxd4 Rg3 36. Ne4 Rxg4 37. g3 Be7 38. Ra1 Bc5+ 39. Kd3
Bb6 40. c5 Bc7 41. Ra6+ Kd5 42. Nc3+ Kxe5 43. Ra7 Rxg3+ 44. Kc4 Bd8 45. c6 h5
46. c7 Bxc7 47. Rxc7 Kf5 48. Rf7+ Ke5 49. Rf2 h4 50. Re2+ Kf5 51. Ne4 Rg4 52.
Kd3 h3 53. Rf2+ Ke5 54. Re2 Kf5 55. Nd6+ Kf4 56. Rf2+ Kg3 57. Rf1 h2 58. Ke2
Kh3 59. Nf7 Rg1 60. Rf3+ Kh4 0-1

[Event "164th open MGU"]
[Site "Sofia"]
[Date "2016.03.05"]
[Round "3.3"]
[White "Kostov, Nikolay"]
[Black "Kolev, Lachezar"]
[Result "0-1"]
[WhiteElo "1756"]
[BlackElo "1866"]
[PlyCount "120"]
[EventDate "2016.03.05"]
[EventType "swiss"]
[EventRounds "6"]
[EventCountry "BUL"]

1. d4 Nf6 2. Nf3 e6 3. c4 b6 4. g3 Bb7 5. Bg2 Bb4+ 6. Bd2 Qe7 7. O-O Bxd2 8.
Qxd2 O-O 9. Nc3 d6 10. Qc2 Nbd7 11. Rfe1 c5 12. e3 a6 13. Rad1 Rac8 14. Nh4
Bxg2 15. Nxg2 cxd4 16. Rxd4 Nc5 17. Red1 Rfd8 18. Qd2 Nb7 19. b3 h6 20. Qe2 Nc5
21. Qd2 Ne8 22. Rh4 Nd7 23. Ne4 Ne5 24. Qe2 f5 25. Nc3 Qb7 26. Ne1 d5 27. Rhd4
Nf6 28. Nb1 Nc6 29. Rh4 dxc4 30. Rxc4 Ne5 31. Rxd8+ Rxd8 32. Rd4 Rc8 33. f4 Nf7
34. Nd2 e5 35. Rc4 Rd8 36. Ndf3 exf4 37. exf4 Re8 38. Qc2 Nd5 39. Qc1 b5 40.
Rc5 Qb6 41. Kh1 Nf6 42. Qc2 Qb7 43. Rc6 Nd8 44. Rc8 Rxe1+ 45. Kg2 Re8 46. Rc7
Qd5 47. Rc5 Re2+ 48. Qxe2 Qxc5 49. Qd2 Ne6 50. b4 Qc6 51. Qe2 Ne4 52. a3 Qd5
53. Kh3 g5 54. Ne5 g4+ 55. Kh4 Qd8+ 56. Kh5 Ng7+ 57. Kxh6 Qf6+ 58. Ng6 Kf7 59.
Qa2+ Ne6 60. Kh5 Qxg6+ 0-1

[Event "164th open MGU"]
[Site "Sofia"]
[Date "2016.03.05"]
[Round "3.5"]
[White "Kosturkov, Krasimir"]
[Black "Stoyanov, Radoi"]
[Result "0-1"]
[WhiteElo "1621"]
[BlackElo "2100"]
[PlyCount "162"]
[EventDate "2016.03.05"]
[EventType "swiss"]
[EventRounds "6"]
[EventCountry "BUL"]

1. e4 d5 2. exd5 Nf6 3. Nf3 Nxd5 4. d4 Bg4 5. Be2 e6 6. c4 Nb6 7. O-O Be7 8.
Be3 O-O 9. Nc3 Nc6 10. b3 Bf6 11. Ne4 Be7 12. h3 Bf5 13. Ng3 Bg6 14. a3 a5 15.
Qd2 Bf6 16. Rad1 Qe7 17. Qc1 Rfd8 18. Rd2 e5 19. d5 Nb8 20. Rfd1 N6d7 21. c5 e4
22. d6 cxd6 23. cxd6 Qe8 24. Nd4 Bxd4 25. Rxd4 Nc6 26. Rd5 Nde5 27. Bb6 Rd7 28.
Bb5 Nd3 29. Qc3 Rc8 30. Bxd3 exd3 31. Bxa5 Ra8 32. Bb4 h5 33. Nxh5 Bxh5 34.
Rxh5 Qe2 35. Qxd3 Qxh5 36. Re1 Qg6 37. Qb5 Rdd8 38. Bc5 Qf5 39. Qc4 Qf6 40. a4
Rxd6 41. Bxd6 Qxd6 42. Qb5 Qb4 43. Qxb4 Nxb4 44. Re7 Rb8 45. Kf1 Kf8 46. Rc7
Na6 47. Rc3 Rd8 48. Ke2 Ke7 49. Re3+ Kf8 50. Rc3 Rd6 51. Rc4 Rb6 52. Rc3 Ke7
53. Kd2 Kd6 54. Rg3 g6 55. Rf3 f5 56. Rg3 Ke5 57. Re3+ Kf6 58. Rc3 Rd6+ 59. Ke2
Nb4 60. Rc7 Rb6 61. Rc3 Nd5 62. Rf3 Ke5 63. g3 Kd4 64. Kd2 Kc5 65. Rd3 Nf6 66.
Rc3+ Kb4 67. Rf3 Rc6 68. h4 Ne4+ 69. Ke2 Rc2+ 70. Kd1 Rxf2 71. Rd3 Rg2 72. Rd7
b6 73. Rb7 Kc5 74. b4+ Kc6 75. Rf7 Rxg3 76. h5 gxh5 77. Rxf5 h4 78. a5 h3 79.
Rh5 Rg2 80. Ke1 h2 81. Rh6+ Nd6 0-1

[Event "164th open MGU"]
[Site "Sofia"]
[Date "2016.03.05"]
[Round "3.6"]
[White "Pavlov, Vladimir G."]
[Black "Ivanov, Daniel"]
[Result "0-1"]
[WhiteElo "1686"]
[BlackElo "1817"]
[PlyCount "66"]
[EventDate "2016.03.05"]
[EventType "swiss"]
[EventRounds "6"]
[EventCountry "BUL"]

1. e4 e6 2. d4 d5 3. e5 c5 4. Nf3 Nc6 5. c3 Bd7 6. a3 Qb6 7. b4 cxd4 8. cxd4
Rc8 9. Bb2 Nh6 10. Be2 Be7 11. O-O f5 12. Nbd2 O-O 13. Nb3 Qd8 14. Rc1 Kh8 15.
Rc3 a6 16. Qc2 g5 17. Rc1 Qe8 18. Nfd2 Qg6 19. Nc5 Nxd4 20. Qd1 Bxc5 21. Rxc5
Nxe2+ 22. Qxe2 Rxc5 23. Rxc5 Bb5 24. Qf3 f4 25. Qb3 Kg8 26. a4 Bc4 27. Qc3 b5
28. Nxc4 bxc4 29. Rc6 Ra8 30. Bc1 Qe8 31. b5 axb5 32. axb5 Rb8 33. Qa5 Nf5 0-1

[Event "164th open MGU"]
[Site "Sofia"]
[Date "2016.03.05"]
[Round "3.8"]
[White "Georgiev, Nikolay Zh."]
[Black "Pavlov, Viktor"]
[Result "0-1"]
[WhiteElo "1506"]
[BlackElo "1542"]
[PlyCount "62"]
[EventDate "2016.03.05"]
[EventType "swiss"]
[EventRounds "6"]
[EventCountry "BUL"]

1. e4 c5 2. Nf3 d6 3. Bb5+ Bd7 4. Bxd7+ Qxd7 5. c4 Nf6 6. Nc3 Nc6 7. d4 Qg4 8.
O-O Nxe4 9. Qb3 Nxc3 10. bxc3 b6 11. Qb5 Qd7 12. d5 Na5 13. Bf4 O-O-O 14. Qa6+
Kb8 15. Rab1 Qb7 16. Qxb7+ Kxb7 17. Ng5 Rd7 18. Nxf7 Rg8 19. Ng5 h6 20. Ne6 g5
21. Bg3 Nxc4 22. Rfe1 Bg7 23. Nxg7 Rxg7 24. Re6 h5 25. h4 gxh4 26. Bh2 h3 27.
g3 Nd2 28. Rb2 Nf3+ 29. Kh1 Rg5 30. c4 Rg4 31. Rbe2 Rxc4 0-1

[Event "164th open MGU"]
[Site "Sofia"]
[Date "2016.03.05"]
[Round "3.11"]
[White "Gadzhev, Denislav"]
[Black "Ivanov, Oleg M."]
[Result "1-0"]
[WhiteElo "1527"]
[BlackElo "1686"]
[PlyCount "73"]
[EventDate "2016.03.05"]
[EventType "swiss"]
[EventRounds "6"]
[EventCountry "BUL"]

1. e4 d5 2. exd5 Nf6 3. d4 Nxd5 4. c4 Nf6 5. Nc3 e6 6. Be3 Bb4 7. Qb3 Nc6 8.
O-O-O Bxc3 9. Qxc3 Ne7 10. f3 h6 11. Bd3 c6 12. Ne2 Bd7 13. Kb1 b5 14. g4 bxc4
15. Bxc4 Nfd5 16. Qd2 Rb8 17. h4 Qb6 18. Bb3 a5 19. Nc3 Nxc3+ 20. Qxc3 Nd5 21.
Bxd5 cxd5 22. g5 h5 23. g6 f6 24. Rhe1 Qb4 25. Qc2 Ba4 26. b3 Bd7 27. Bf4 Rc8
28. Qb2 Ke7 29. Bd2 Qb6 30. f4 Ra8 31. Rc1 Rhb8 32. Rc5 f5 33. Rxd5 a4 34. b4
a3 35. Qb3 Ba4 36. Qe3 Qc6 37. Rc5 1-0

[Event "164th open MGU"]
[Site "Sofia"]
[Date "2016.03.06"]
[Round "4.1"]
[White "Kolev, Lachezar"]
[Black "Gelemerov, Yane"]
[Result "1/2-1/2"]
[WhiteElo "1866"]
[BlackElo "2036"]
[PlyCount "152"]
[EventDate "2016.03.05"]
[EventType "swiss"]
[EventRounds "6"]
[EventCountry "BUL"]

1. e4 e5 2. Nf3 Nc6 3. Nc3 Bc5 4. Nxe5 Bxf2+ 5. Kxf2 Nxe5 6. d4 Nc6 7. Be3 d6
8. Bc4 Nf6 9. h3 O-O 10. Rf1 Nxe4+ 11. Nxe4 d5 12. Bxd5 Qxd5 13. Nc3 Qf5+ 14.
Kg1 Qg6 15. Kh2 Ne7 16. Bf4 c6 17. Qd2 Bf5 18. Rf2 Rad8 19. Ne2 Nd5 20. c3 Nxf4
21. Nxf4 Qd6 22. Kg1 Bc8 23. Nd3 f6 24. Re1 Rfe8 25. Rfe2 Rxe2 26. Rxe2 Bf5 27.
Qe3 Qd5 28. Nb4 Qf7 29. a3 Qg6 30. c4 a5 31. Na2 Bd3 32. Re1 Bxc4 33. Nc3 Bf7
34. Rd1 Re8 35. Qf3 Qc2 36. Qf2 Qxf2+ 37. Kxf2 Kf8 38. b4 axb4 39. axb4 Ra8 40.
b5 Ra3 41. Rc1 Ke7 42. bxc6 bxc6 43. Rc2 Bg6 44. Rc1 Kd6 45. d5 Be8 46. dxc6
Bxc6 47. Rd1+ Ke5 48. Re1+ Kf5 49. Ne2 Ra2 50. Kg3 Ra3+ 51. Kf2 Kg5 52. Rc1 Be4
53. Rc5+ f5 54. Rc7 Kh6 55. Rc3 Ra2 56. Re3 Kg5 57. g4 g6 58. gxf5 gxf5 59. Kg3
Ra1 60. h4+ Kf6 61. Rb3 Re1 62. Kf2 Rb1 63. Ra3 Rb2 64. Ke3 Kg7 65. Nf4 Rb7 66.
Ne6+ Kh6 67. Nf4 Re7 68. Kd4 Bc6 69. Re3 Re4+ 70. Rxe4 fxe4 71. Ke3 Kg7 72. Nh3
Kg6 73. Ng5 h6 74. Nxe4 Kh5 75. Ng3+ Kg4 76. Kf2 Bd7 1/2-1/2